|
|
|
|
| LEADER |
00000cam a2200000 b4500 |
| 001 |
vtls011981977 |
| 003 |
SK-MaSNL |
| 005 |
20260301053605.0 |
| 008 |
210906s2020 xo dr 010 f slo |
| 015 |
|
|
|a SNBA2020/10
|
| 020 |
|
|
|a 9788055645704
|q (brožované)
|
| 035 |
|
|
|a urn:nbn:sk:snk-am00fj0v
|
| 035 |
|
|
|a urn:nbn:sk:snk-am3iuyk
|
| 035 |
|
|
|a B8F42691-D573-47E0-ADCB-A65B4FE3F471
|
| 040 |
|
|
|a SNK
|b slo
|c SNK
|e rda
|
| 041 |
1 |
|
|a slo
|h eng
|
| 044 |
|
|
|a xo
|c SK
|
| 072 |
|
7 |
|a 821.111(73)-3
|x Americká próza
|2 konspekt
|
| 072 |
|
7 |
|a 821-93
|x Literatúra pre deti a mládež (beletria)
|2 konspekt
|
| 080 |
|
|
|a 821.111(73)-31
|2 2011
|
| 080 |
|
|
|a 821-93
|2 2011
|
| 080 |
|
|
|a (0:82-311.9)
|2 2011
|
| 100 |
1 |
|
|a Shusterman, Neal,
|d 1962-
|4 aut
|9 52791
|
| 240 |
1 |
0 |
|a Arc of a Scythe, Book 3: The Toll
|l Slovensky
|
| 245 |
1 |
0 |
|a Žatva smrti
|n III
|p Posol
|c Neal Shusterman ; z anglického originálu Arc of a Scythe, Book 3: The Toll ... preložila Katarína Figová
|
| 246 |
3 |
0 |
|a Posol
|
| 246 |
1 |
|
|i Séria:
|a Žatva smrti
|
| 264 |
|
1 |
|a Bratislava
|b Slovart
|c 2020
|
| 300 |
|
|
|a 525 strán
|c 21 cm
|
| 336 |
|
|
|a text
|b txt
|2 rdacontent
|
| 337 |
|
|
|a bez média
|b n
|2 rdamedia
|
| 338 |
|
|
|a zväzok
|b nc
|2 rdacarrier
|
| 500 |
|
|
|a Obsahuje biografické údaje o autorovi
|
| 521 |
8 |
|
|a Pre čitateľov od 15 rokov
|
| 655 |
|
7 |
|a americké romány
|2 SNKPH
|9 1174
|
| 655 |
|
7 |
|a literatúra pre deti a mládež
|2 SNKPH
|9 189378
|
| 655 |
|
7 |
|a vedecko-fantastické romány
|2 SNKPH
|9 70221
|
| 655 |
|
7 |
|a American novels
|2 SNKPHeng
|9 277755
|
| 655 |
|
7 |
|a Children's and juvenile literature
|2 SNKPHeng
|9 212725
|
| 655 |
|
7 |
|a Science fiction novels
|2 SNKPHeng
|9 277894
|
| 700 |
1 |
|
|a Figová, Katarína
|4 trl
|9 180979
|
| 919 |
|
|
|a 978-80-556-4570-4
|
| 958 |
|
|
|a LX
|
| 958 |
|
|
|a UP
|
| 968 |
|
|
|b ENG
|
| 999 |
|
|
|c 608713
|d 610643
|
| 952 |
|
|
|a SNK
|b SNK
|y PREZ
|7 0
|p 17A1443957
|o snkSC 182836/3
|i snk2020/17128
|8 0
|0 0
|1 0
|4 0
|d 2020-09-25
|f 1
|l 0
|r 2026-02-23 16:16:01
|w 2026-02-23
|
| 952 |
|
|
|a SNK
|b SNK
|y VYP
|7 0
|p 17A1443958
|o snkSC 182836/3 D1
|i snk2020/17130
|8 0
|0 0
|1 0
|4 0
|d 2020-09-25
|l 0
|r 2026-02-23 16:16:01
|w 2026-02-23
|